Music Quiz

Random Music or Rock Quiz

Rock first words Quiz Stats

 Plays Quiz not verified by Sporcle

Challenge
Share
Tweet
Embed
Score 0/30 Timer 06:00
0 Plays Today
% Correct
On
89.5%
Ground
81.6%
Girl
78.9%
Ever
71.1%
Let
65.8%
Today
65.8%
Hey
60.5%
Sometimes
57.9%
I
52.6%
Don't
50%
Deep
44.7%
They
42.1%
Everywhere
42.1%
Tin
42.1%
Alone
39.5%
% Correct
Follow
36.8%
Breaking
36.8%
She
31.6%
I'm
28.9%
High
26.3%
And
26.3%
It's
26.3%
Keep
21.1%
Well
18.4%
Someone
15.8%
Say
15.8%
Show
15.8%
Come
13.2%
Put
13.2%
Whatsoever
13.2%

You're not logged in!

Compare scores with friends on all Sporcle quizzes.
OR
Log In

You Might Also Like...

Show Comments

Extras

Top Quizzes Today


Score Distribution

Your Account Isn't Verified!

In order to create a playlist on Sporcle, you need to verify the email address you used during registration. Go to your Sporcle Settings to finish the process.

Report this User

Report this user for behavior that violates our Community Guidelines.

Details: